| Tag |
First Indicator |
Second Indicator |
Subfields |
| LEADER |
00000cam a2200000 a 4500 |
| 001 |
in00001651521 |
| 005 |
20151023124234.0 |
| 008 |
001004s1999 cr a 000 0aspa d |
| 010 |
|
|
|a 00418964
|
| 020 |
|
|
|a 9977675805
|
| 035 |
|
|
|a (OCoLC)ocm45118087
|
| 040 |
|
|
|a NYP
|c DLC
|d TXA
|d UtOrBLW
|
| 042 |
|
|
|a lccopycat
|
| 043 |
|
|
|a nccr---
|
| 049 |
|
|
|a TXAM
|
| 050 |
0 |
0 |
|a PQ7489.G88
|b Z67 1999
|
| 082 |
0 |
0 |
|a 868/.6409
|a B
|2 21
|
| 100 |
1 |
|
|a Gutiérrez, Joaquín.
|
| 245 |
1 |
4 |
|a Los azules dias /
|c Joaquín Gutiérrez M.
|
| 250 |
|
|
|a 1. ed.
|
| 264 |
|
1 |
|a San José, Costa Rica :
|b Editorial de la Universidad de Costa Rica,
|c 1999.
|
| 300 |
|
|
|a 209 pages :
|b illustrations ;
|c 24 cm.
|
| 336 |
|
|
|a text
|b txt
|2 rdacontent
|
| 337 |
|
|
|a unmediated
|b n
|2 rdamedia
|
| 338 |
|
|
|a volume
|b nc
|2 rdacarrier
|
| 600 |
1 |
0 |
|a Gutiérrez, Joaquín.
|
| 600 |
1 |
0 |
|a Gutiérrez, Joaquín
|x Contemporaries.
|
| 650 |
|
0 |
|a Authors, Costa Rican
|y 20th century
|v Biography.
|
| 948 |
|
|
|a cataloged
|b h
|c 2002/2/15
|d c
|e jgreene
|f 2:46:25 pm
|
| 994 |
|
|
|a E0
|b TXA
|
| 999 |
|
|
|a MARS
|
| 999 |
f |
f |
|s 3602b210-6cf9-3d40-b438-95059fb717aa
|i bd11dd5c-54bd-3fdf-8b28-3dad624a8ffd
|t 0
|
| 952 |
f |
f |
|p ric
|a Texas A&M University
|b Rellis Campus
|c Joint Library Facility
|d Remote Storage
|t 0
|e PQ7489.G88 Z67 1999
|h Library of Congress classification
|i unmediated -- volume
|m A14828529863
|
| 998 |
f |
f |
|a PQ7489.G88 Z67 1999
|t 0
|l Remote Storage
|